000 00812 a2200193 4500
005 20240702145635.0
010 _aB-759910-912 Children Purchase
020 _a9788195654215
_c299.00
035 _aB-759910-912
037 _bAdroit Publishers
082 _aN
100 _aMuraleedharan, Vishnu
_967985
245 _aThe Temple of Hope /
_c Vishnu Muraleedharan
260 _aNew Delhi
_bAdroit Publishers
_c2023
270 _a4675/21, Ganpati Bhawan, Ansari Road , Darya Ganj,
_bNew Delhi
_e110002
300 _a300 p.
_c21 cm(Pb)
942 _adpl
_cCH
_2ddc
_hN
_mMUR
999 _c203587
_d203587